La montaña mágica / (Registro nro. 7503)

Detalles MARC
000 -LIDER
fixed length control field 01179cam a2200373 a 4500
001 - NÚMERO DE CONTROL
Identificador de número de control 00002011
003 - IDENTIFICACDOR DE NÚMERO DE CONTROL
control field DO-SdBNP
005 - DATE AND TIME OF LATEST TRANSACTION
control field 20171116122938.0
007 - CAMPOS FIJOS DE DESCRIPCIÓN FÍSICA
fixed length control field 00002011
008 - ELEMENTOS DE LONGITUD FIJA
fixed length control field 700702s2000 sp 000 f spa
020 ## - ISBN
International Standard Book Number 8481301604
040 ## - FUENTE DE CATALOGACIÓN
Agencia que crea de manera original el registro BPMSU
Agencia que realiza la transcripción spa
Agencia que realiza la modificación BPMSU
041 17 - CÓDIGOS DE OBRAS TRADUCIDAS O EN VARIOS IDIOMAS
Código del idioma del texto/archivo de sonido o separata spa
Fuente de código
082 #4 - NÚMERO DE CLASIFICACIÓN DECIMAL DE DEWEY
Classification number 833.912
Item number M281m
100 1# - ASIENTO PRINCIPAL -- NOMBRE PERSONAL
Nombre personal Mann, Thomas
Fechas asociadas con el nombre 1875-1955
240 10 - TITULO UNIFORME
Título uniforme Der Zauberberg.
Idioma de una obra Español
245 13 - MENCIÓN DE TITULO
Título La montaña mágica /
Mención de responsabilidad Thomas Mann ; prólogo Javier Alfaya traducción de Mario Verdaguer.
260 ## - PUBLICACIÓN, DISTRIBUCIÓN, ETC. (PIE DE IMPRENTA)
Lugar de publicación, distribución, etc Madrid :
Nombre del editor, distribuidor, etc. Milenium
Fecha de publicación, distribución, etc 1999
300 ## - DESCRIPCIÓN FÍSICA
Extensión 2 v.;
Dimensiones 21 cm.
490 1# - MENCIÓN DE SERIES
Mención de serie Millenium las 100 Joyas del milenio
Volume/sequential designation 43
500 ## - NOTA GENERAL
Nota general Título original en alemán: Der Zauberberg.
534 ## - NOTA SOBRE LA VERSIÓN ORIGINAL
Asiento principal del original Der Zauberberg
Publicación, distribución, etc. del original Berlín: Fischer Verlag, 1924.
650 #4 - ENCABEZAMIENTO DE MATERIA--TEMÁTICO
Término temático o nombre geográfico como elemento de entrada NOVELA ALEMANA
650 #4 - ENCABEZAMIENTO DE MATERIA--TEMÁTICO
Término temático o nombre geográfico como elemento de entrada LITERATURA ALEMANA
700 1# - ASIENTO SECUNDARIO -- NOMBRE PERSONAL
Nombre personal Verdaguer, Mario,
Mención de responsabilidad tr.
700 1# - ASIENTO SECUNDARIO -- NOMBRE PERSONAL
Nombre personal Alfaya, Javier
Mención de responsabilidad pról.
830 #0 - ASIENTO SECUNDARIO DE SERIE--TÍTULO UNIFORME
Título uniforme Millenium las 100 Joyas del milenio
Volume number/sequential designation 43
930 #1 - EQUIVALENCE OR CROSS-REFERENCE-UNIFORM TITLE HEADING [LOCAL, CANADA]
Language of a work
Medium of performance for music
Field link and sequence number
Date of a work
Name of part/section of a work
Miscellaneous information
930 #1 - EQUIVALENCE OR CROSS-REFERENCE-UNIFORM TITLE HEADING [LOCAL, CANADA]
Language of a work
Medium of performance for music
Medium
Field link and sequence number
Date of a work
Name of part/section of a work
Medium
942 ## - ADDED ENTRY ELEMENTS (KOHA)
Source of classification or shelving scheme Dewey Decimal Classification
Koha item type Libros
945 ## - INFORMACIÓN DE PROCESAMIENTO LOCAL
Información de procesamiento local Inventariado extranjero / 2017 VM
956 ## - LOCAL ELECTRONIC LOCATION AND ACCESS (OCLC)
Nombre de host
Número de acceso
Información de compresión
Inicio de sesión
Procesador de solicitud
956 ## - LOCAL ELECTRONIC LOCATION AND ACCESS (OCLC)
Nombre de host VMATEO
Número de acceso 10
Información de compresión 20150907
Inicio de sesión BPMSU
Procesador de solicitud 00151
Existencias
Withdrawn status Lost status Source of classification or shelving scheme Damaged status Not for loan Collection code Home library Current library Date acquired Source of acquisition Total Checkouts Full call number Barcode Date last seen Copy number Price effective from Koha item type
    Dewey Decimal Classification     Colección General Biblioteca Pública Metropolitana Salomé Ureña Biblioteca Pública Metropolitana Salomé Ureña 02/25/2015 Donado Fundación Economía y Desarrollo   833.912 M281m BPMSU15040162 02/25/2015 v. 1 02/25/2015 Libros
    Dewey Decimal Classification     Colección General Biblioteca Pública Metropolitana Salomé Ureña Biblioteca Pública Metropolitana Salomé Ureña 02/25/2015 Donado Fundación Economía y Desarrollo   833.912 M281m BPMSU15040163 02/25/2015 v. 2 02/25/2015 Libros